Protimonopolné regulovanie vo vybranom odvetví hospodárstva Slovenskej republiky bakalárska práca

Saved in:
Bibliographic Details
Main Author: Gáliková, Patrícia
Corporate Author: Národohospodárska fakulta EU. Katedra ekonómie
Other Authors: Novák, Marcel, 1979-
Format: Book
Language:Slovak
Published: Bratislava 2017
Tags: Add Tag
No Tags, Be the first to tag this record!

MARC

LEADER 00000nbm a2200000 4500
001 0233706
005 20180306131044.2
041 0 |a slo 
044 |a SK 
245 1 0 |a Protimonopolné regulovanie vo vybranom odvetví hospodárstva Slovenskej republiky  |b bakalárska práca  |c Patrícia Gáliková ; školiteľ: Marcel Novák 
264 1 |a Bratislava  |c 2017 
300 |a 50 s. 
100 1 |a Gáliková, Patrícia 
700 1 |a Novák, Marcel, 1979- 
710 2 |a Národohospodárska fakulta EU. Katedra ekonómie